Computer Definitions: I Quiz Stats

 Plays Quiz not verified by Sporcle

Score 0/15 Timer 04:00
0 Plays Today
% Correct
Icon
92.1%
Inkjet
92.1%
iOS
91.6%
Internet Explorer
91.4%
Inbox
91.1%
iTunes
91.1%
Instant Message
90.5%
IP Address
89.4%
% Correct
Iteration
88%
Index
87.8%
Intranet
85.9%
ISP
84.6%
Interface
83%
Install
79%
Input
75.7%

You're not logged in!

Compare scores with friends on all Sporcle quizzes.
OR
Log In

You Might Also Like...

Show Comments

Extras

Top Quizzes Today


Score Distribution

Your Account Isn't Verified!

In order to create a playlist on Sporcle, you need to verify the email address you used during registration. Go to your Sporcle Settings to finish the process.

Report this User

Report this user for behavior that violates our Community Guidelines.

Details: